00371nam a2200145Ia 4500008004100000020001500041041001200056100001600068245005300084250000800137260004000145300000800185650001600193700001600209221030s9999 xx 000 0 und d a1259005275 aEnglish aC. Hamacher 0aComputer Organationcby C. Hamacher, Z. Vranesic a5th bMcGraw - Hill Pub.aNew Delhic2014 a805 aBB Computer aZ. Vranesic